Cry,my beloved country : (Record no. 124172)

MARC details
000 -LEADER
fixed length control field 00718nam a22002417a 4500
005 - DATE AND TIME OF LATEST TRANSACTION
control field 20170124105935.0
010 ## - LIBRARY OF CONGRESS CONTROL NUMBER
LC control number B-108056
020 ## - INTERNATIONAL STANDARD BOOK NUMBER
Terms of availability 95.00
International Standard Book Number 9788186962671
035 ## - SYSTEM CONTROL NUMBER
System control number B-108056
037 ## - SOURCE OF ACQUISITION
Source of stock number/acquisition Cen Lib/Ret
040 ## - CATALOGING SOURCE
Original cataloging agency DPL
Language of cataloging EN
082 ## - DEWEY DECIMAL CLASSIFICATION NUMBER
Classification number 303.6
100 ## - MAIN ENTRY--PERSONAL NAME
Personal name Harsh,Mander
9 (RLIN) 9630
245 ## - TITLE STATEMENT
Title Cry,my beloved country :
Statement of responsibility, etc by Harsh Mander
Remainder of title reflections on the Gujarat carnage 2002 and its aftermath /
260 ## - PUBLICATION, DISTRIBUTION, ETC. (IMPRINT)
Place of publication, distribution, etc Noida
Name of publisher, distributor, etc Rainbow publishers
Date of publication, distribution, etc 2004
270 ## - ADDRESS
Address A-19,sector 56
City Noida
Postal code 201301
300 ## - PHYSICAL DESCRIPTION
Extent 142p.
Dimensions 20cm(pbk)
500 ## - GENERAL NOTE
General note Includes glossary
650 ## - SUBJECT ADDED ENTRY--TOPICAL TERM
Topical term or geographic name as entry element India--Gujarat
9 (RLIN) 9631
650 ## - SUBJECT ADDED ENTRY--TOPICAL TERM
Topical term or geographic name as entry element Ethnic relations
9 (RLIN) 9632
700 ## - ADDED ENTRY--PERSONAL NAME
9 (RLIN) 9600
942 ## - ADDED ENTRY ELEMENTS (KOHA)
Source of classification or shelving scheme Dewey Decimal Classification
Koha item type English Books
Classification part 303.6
Call number suffix MAN
Holdings
Withdrawn status Lost status Damaged status Not for loan Home library Current library Date acquired Source of acquisition Cost, normal purchase price Total Checkouts Full call number Barcode Date last seen Date checked out Copy number Cost, replacement price Price effective from Koha item type
        Central Library Central Library 15/06/2015 Cen Lib/Ret 95.00 1 303.6 MAN B-108056 15/09/2017 31/08/2017 1 95.00 15/06/2015 English Books

© Delhi Public Library
Hit Counter
free hit counter